Tâm huyết nhà giáo
Tuyển tập một số truyện ngắn về nhà giáo Việt Nam
Đã lưu trong:
| Định dạng: | Sách |
|---|---|
| Năm xuất bản: |
H
Giáo dục
2005
|
| Chủ đề: | |
| Tags: |
Thêm thẻ
Không có thẻ, Hãy là người đầu tiên gắn thẻ bản ghi này!
|
| LEADER | 01129nam a2200205 4500 | ||
|---|---|---|---|
| 082 | |a 895.922 34 |b T119h | ||
| 100 | |a | ||
| 245 | |a Tâm huyết nhà giáo |c | ||
| 260 | |a H |c 2005 |b Giáo dục | ||
| 300 | |a 367tr |c 21cm | ||
| 520 | |a Tuyển tập một số truyện ngắn về nhà giáo Việt Nam | ||
| 653 | |a Văn học hiện đại | ||
| 653 | |a Việt Nam | ||
| 653 | |a Thế kỷ 21 | ||
| 942 | |2 ddc |c STK0 | ||
| 999 | |c 10209 |d 10209 | ||
| 952 | |0 0 |1 0 |2 ddc |4 0 |6 895_922000000000000_34_T119H |7 0 |8 800 |9 79305 |a qbu |b qbu |c D5 |d 2015-07-20 |g 41500 |l 1 |o 895.922 34 T119h |p 10245.c1 |r 2015-11-11 |s 2015-11-05 |w 2015-07-20 |y STK0 | ||
| 952 | |0 0 |1 0 |2 ddc |4 0 |6 895_922000000000000_34_T119H |7 0 |8 800 |9 79306 |a qbu |b qbu |c D5 |d 2015-07-20 |g 41500 |l 1 |o 895.922 34 T119h |p 10245.c2 |r 2015-11-11 |s 2015-11-05 |w 2015-07-20 |y STK0 | ||
| 952 | |0 0 |1 0 |2 ddc |4 0 |6 895_922000000000000_34_T119H |7 0 |8 800 |9 79307 |a qbu |b qbu |c D5 |d 2015-07-20 |g 41500 |o 895.922 34 T119h |p 10245.c3 |r 0000-00-00 |w 2015-07-20 |y STK0 | ||
| 952 | |0 0 |1 0 |2 ddc |4 0 |6 895_922000000000000_34_T119H |7 0 |8 800 |9 79308 |a qbu |b qbu |c D5 |d 2015-07-20 |g 41500 |l 1 |o 895.922 34 T119h |p 10245.c4 |r 2015-11-17 |s 2015-11-13 |w 2015-07-20 |y STK0 | ||